Loading...
| Literature - European | 0 | 5 | 0 | 0 | 50 | 18 | 55.40 | 2 | 4 | 25.36 | 41.11 |
| Literature - British | 0 | 4 | 0 | 0 | 40 | 40 | 70.50 | 0 | 1 | 15.54 | 15.56 |
| Literature - World | 0 | 2 | 0 | 0 | 20 | 74 | 87.50 | 0 | 1 | 4.67 | 12.22 |
| Mythology | 0 | 2 | 0 | 0 | 20 | 43 | 50.00 | 1 | 1 | 11.29 | 13.33 |
| Literature - American | 0 | 2 | 1 | 1 | 15 | 94 | 111.00 | 0 | 0 | 1.97 | 5.56 |
| Fine Arts - Classical Music | 0 | 1 | 0 | 0 | 10 | 92 | 92.00 | 0 | 0 | 2.07 | 5.56 |
| History - American | 0 | 1 | 0 | 1 | 10 | 110 | 110.00 | 0 | 0 | 0.00 | 1.11 |
| History - World | 0 | 1 | 0 | 0 | 10 | 73 | 73.00 | 1 | 1 | 3.30 | 7.78 |
| Philosophy | 0 | 1 | 0 | 0 | 10 | 80 | 80.00 | 0 | 0 | 3.19 | 9.52 |
| Popular Culture | 0 | 1 | 0 | 1 | 10 | 69 | 69.00 | 0 | 0 | 5.32 | 7.94 |
| Fine Arts - Other | 0 | 1 | 1 | 0 | 5 | 119 | 119.00 | 0 | 1 | 0.56 | 5.56 |
| Social Science | 0 | 0 | 1 | 0 | -5 | 0.00 | 0 | 0 | 0.00 | 0.00 | |
| Religion | 0 | 0 | 1 | 0 | -5 | 0.00 | 0 | 0 | 0.00 | 0.00 | |
| Science - Biology | 0 | 0 | 1 | 0 | -5 | 0.00 | 0 | 0 | 0.00 | 0.00 | |
| Science - Other | 0 | 0 | 1 | 0 | -5 | 0.00 | 0 | 0 | 0.00 | 0.00 | |
| Science - Physics | 0 | 0 | 1 | 0 | -5 | 0.00 | 0 | 0 | 0.00 | 0.00 |